Central Library OPAC University of Rajshahi

The scientific papers of J. Willard Gibbs / (Record no. 8279)

MARC details
000 -LEADER
fixed length control field 01016cam a2200277 4500
001 - CONTROL NUMBER
control field 8279
003 - CONTROL NUMBER IDENTIFIER
rucl marc code UkOxU
005 - DATE AND TIME OF LATEST TRANSACTION
control field 20211208234546.0
008 - FIXED-LENGTH DATA ELEMENTS--GENERAL INFORMATION
fixed length control field 180114r19611906nyua 00000 eng
035 ## - SYSTEM CONTROL NUMBER
System control number (CStRLIN)NHDG84-B10886
040 ## - CATALOGING SOURCE
Modifying agency NhD
Original cataloging agency BD-RjUL
Language of cataloging eng
Transcribing agency BD-RjUL
041 ## - LANGUAGE CODE
Language code of text/sound track or separate title eng
082 ## - DEWEY DECIMAL CLASSIFICATION NUMBER
Classification number 508.1
Author mark and year GIS 1961
100 1# - MAIN ENTRY--PERSONAL NAME
Personal name Gibbs, J. Willard
Fuller form of name (Josiah Willard),
Dates associated with a name 1839-1903.
9 (RLIN) 25821
245 14 - TITLE STATEMENT
Title The scientific papers of J. Willard Gibbs /
Name of part/section of a work VOL .I.
260 ## - PUBLICATION, DISTRIBUTION, ETC. (IMPRINT)
Place of publication, distribution, etc. New York,
Name of publisher, distributor, etc. Dover Publications
Date of publication, distribution, etc. 1961
300 ## - PHYSICAL DESCRIPTION
Pagination 1 v. : 434 P.:
Illustrations illus. ;
Size 22 cm.
500 ## - GENERAL NOTE
General note "An unabridged and unaltered republication of the first edition ... originally published ... in 1906."
505 0# - FORMATTED CONTENTS NOTE
Formatted contents note v. 1. Thermodynamics.--v. 2. Dynamics. Vector analysis and multiple algebra. Electromagnetic theory of light, etc.
650 #0 - SUBJECT ADDED ENTRY--TOPICAL TERM
Topical term or geographic name as entry element Science
General subdivision Collected works.
9 (RLIN) 25822
Topical term or geographic name as entry element Thermodynamics.
9 (RLIN) 17234
Topical term or geographic name as entry element Statistical mechanics.
9 (RLIN) 25823
942 ## - ADDED ENTRY ELEMENTS (KOHA)
Source of classification or shelving scheme Dewey Decimal Classification
Koha item type Books
Holdings
Lost status Source of classification or shelving scheme Materials specified (bound volume or other part) Damaged status Not for loan Collection code Permanent Location Current Location Shelving location Date acquired Source of acquisition Cost, normal purchase price Total Checkouts Full call number Date last seen Copy number Koha item type
  Dewey Decimal Classification V-1   Not For Loan Non-fiction Central Library, University of Rajshahi Central Library, University of Rajshahi   11/05/2016 Zeit. 16.00   508.1 GIS 1961 18/01/2014 C-1 Books